Tanav se Mukti (Record no. 6519)

MARC details
000 -LEADER
fixed length control field 00321nam a2200133Ia 4500
008 - FIXED-LENGTH DATA ELEMENTS--GENERAL INFORMATION
fixed length control field 191201s2015 xx 000 0 und d
082 ## - DEWEY DECIMAL CLASSIFICATION NUMBER
Classification number 155.5
Item number SHT
100 ## - MAIN ENTRY--PERSONAL NAME
Personal name SHARMA, Murari Lal
245 #0 - TITLE STATEMENT
Title Tanav se Mukti
260 ## - PUBLICATION, DISTRIBUTION, ETC. (IMPRINT)
Place of publication, distribution, etc N. Delhi
Name of publisher, distributor, etc Pyarelal Wadhwa
Date of publication, distribution, etc 2015
300 ## - PHYSICAL DESCRIPTION
Extent 256
650 ## - SUBJECT ADDED ENTRY--TOPICAL TERM
Topical term or geographic name as entry element General Books
942 ## - ADDED ENTRY ELEMENTS (KOHA)
Source of classification or shelving scheme Dewey Decimal Classification
Koha item type Text Books
Holdings
Withdrawn status Lost status Source of classification or shelving scheme Damaged status Not for loan Collection code Home library Current library Date acquired Source of acquisition Cost, normal purchase price Bill Number Total Checkouts Full call number Acc. no. / Barcode Date last seen Actual Cost, discounted price Bill Date Koha item type Checked out Date last borrowed
    Dewey Decimal Classification     GENERAL PIET C-LIBRARY PIET C-LIBRARY 19/03/2016 ML Sharma 200.00 5066   155.5 SHT 28255 04/12/2019 150.00 17/03/2016 Text Books    
    Dewey Decimal Classification     GENERAL PIET C-LIBRARY PIET C-LIBRARY 19/03/2016 ML Sharma 200.00 5066   155.5 SHT 28256 04/12/2019 150.00 17/03/2016 Text Books    
    Dewey Decimal Classification     GENERAL PIET C-LIBRARY PIET C-LIBRARY 19/03/2016 ML Sharma 200.00 5066   155.5 SHT 28257 04/12/2019 150.00 17/03/2016 Text Books    
    Dewey Decimal Classification     GENERAL PIET C-LIBRARY PIET C-LIBRARY 19/03/2016 ML Sharma 200.00 5066   155.5 SHT 28258 04/12/2019 150.00 17/03/2016 Text Books    
    Dewey Decimal Classification     GENERAL PIET C-LIBRARY PIET C-LIBRARY 19/03/2016 ML Sharma 200.00 5066 1 155.5 SHT 28259 30/07/2021 150.00 17/03/2016 Text Books 26/01/2022 30/07/2021

Design & Developed by: PIET Central Library
R70 Miles Stone Pattikalyana Samalkha Panipat 132102
mail ID :- [email protected], Phone No:- 0180-2569700 Ex.216